Country Names Game #9 - Statistics

General Stats
  • This quiz has been taken 420 times
    261 since last reset
  • The average score is 6 of 8
Answer Stats
Game Country % Correct
Country in the Alps. Its most populated city is Zurich Switzerland
98%
Dublin,Cork,Limerick,the Harp Ireland
95%
Turku,Helsinki,Nordic country Finland
93%
Warsaw,Lublin,Krakow,Lodz Poland
87%
Auckland,Wellington,Christchurch,North Island,South Island New Zealand
83%
Start letters:TH Thailand
81%
N'Djamena,4-letter name Chad
58%
Other country that ends in D: Iceland
46%
No matching quizzes found
Score Distribution
Percent of People with Each Score
Percentile by Number Answered
Your Score History
You have not taken this quiz since the last reset